|
|
|
|
| LEADER |
01174nam a2200313 4500 |
| 001 |
DLU030023498 |
| 005 |
##20020412091041.0 |
| 008 |
##010502s2002 caua bf 001 0 eng |
| 010 |
# |
# |
|a 2001090614
|
| 040 |
# |
# |
|a DLC
|c DLC
|d DLC
|
| 042 |
# |
# |
|a pcc
|
| 050 |
# |
# |
|a TA418.9.T45
|b H35 2002
|
| 082 |
# |
# |
|a 621.381 52
|c Han
|
| 245 |
# |
# |
|a Handbook of thin film materials.
|n v. V,
|p Nanomaterials and magnetic thin films /
|c edited by Hari Singh Nalwa
|
| 260 |
# |
# |
|a San Diego :
|b Academic Press,
|c c2002
|
| 300 |
# |
# |
|a xxvi, 633p. :
|b ill. ;
|c 29 cm
|
| 504 |
# |
# |
|a Includes bibliographical references and indexes.
|
| 505 |
# |
# |
|a v. 1. Deposition and processing of thin films -- v. 2. Characterization and spectroscopy of thin films -- v. 3. Ferroelectric and dielectric thin films -- v. 4. Semiconductor and superconductor thin films -- v. 5. Nanomaterials and magnetic thin films.
|
| 650 |
# |
# |
|a Thin films
|v Handbooks, manuals, etc.
|
| 700 |
# |
# |
|a Nalwa, Hari Singh,
|d 1954-
|
| 992 |
# |
# |
|a 647.00
|
| 994 |
# |
# |
|a DLU
|
| 900 |
# |
# |
|a True
|
| 911 |
# |
# |
|a Thái Thị Thanh Thủy
|
| 925 |
# |
# |
|a G
|
| 926 |
# |
# |
|a A
|
| 927 |
# |
# |
|a SH
|
| 980 |
# |
# |
|a Thư viện Trường Đại học Đà Lạt
|